| 000 | 00633nam a2200181Ia 4500 | ||
|---|---|---|---|
| 008 | 220216s9999 xx 000 0 und d | ||
| 100 | _aMolly K A | ||
| 245 | 0 | _aMelt elasticity behaviour and extrudate characteristics of LLDPE/EVA blends : Effect of blend ratio, compatibilization and dynamic crosslinking | |
| 260 | _bRUBCON 2002: Proceedings of the Indian Rubber Conference January 12-13. pp.103-109 | ||
| 650 | _aBlend ratio | ||
| 650 | _aCompatibilization | ||
| 650 | _aDynamic crosslinking | ||
| 650 | _aLLDPE/EVA | ||
| 650 | _aMelt elasticity behaviour | ||
| 700 | _aBhagawan S S | ||
| 700 | _aThomas S | ||
| 942 | _cJS | ||
| 999 |
_c62823 _d62823 |
||